| 000 | 00598nam a2200193 i 4500 | ||
|---|---|---|---|
| 001 | 128772 | ||
| 003 | ES-MaACL | ||
| 005 | 20230906193346.0 | ||
| 007 | t| | ||
| 008 | 070524s1961 sp ||||1| spa d | ||
| 080 | _a929 Lavallière, Eve | ||
| 100 | 1 |
_aTapia de Renedo, Benedicto. _9109235 |
|
| 245 | 1 | 0 |
_aIntimidad de una artista / _cBenedicto Tapia de Renedo. |
| 260 |
_aMadrid : _bCompañía Bibliográfica Española, _c[1961] |
||
| 300 |
_a501 p. ; _c19 cm. |
||
| 600 | 1 | 4 |
_aLavallière, Eve. _970688 |
| 710 | 2 |
_aCompañía Bibliográfica Española. _9171207 |
|
| 852 |
_aES-MaACL _jC-21198 |
||
| 999 |
_c128772 _d128772 |
||